000 00423nam a2200193Ia 4500
005 20240823015121.0
008 240823s9999||||xx |||||||||||||| ||und||
020 _a81-203-2520-6
041 _aENGLISH
082 _A658 P4
100 _aNIIT
245 0 _aGame Management
250 _a1st
260 _c2004
_b"PHI,New "
500 _aYES
650 _aGames
_bManagement Studies
942 _cBK
999 _c171679
_d171679